<?xml version="1.0" encoding="UTF-8"?>
<record
    xmlns:xsi="http://www.w3.org/2001/XMLSchema-instance"
    xsi:schemaLocation="http://www.loc.gov/MARC21/slim http://www.loc.gov/standards/marcxml/schema/MARC21slim.xsd"
    xmlns="http://www.loc.gov/MARC21/slim">

  <leader>01260nam a2200325   4500</leader>
  <controlfield tag="003">OSt</controlfield>
  <controlfield tag="005">20260530115305.0</controlfield>
  <controlfield tag="008">260507b2009    mx a|||| |||| 00| 0 spa d</controlfield>
  <datafield tag="040" ind1=" " ind2=" ">
    <subfield code="a">ICI</subfield>
    <subfield code="b">spa</subfield>
    <subfield code="c">ICI</subfield>
  </datafield>
  <datafield tag="041" ind1=" " ind2=" ">
    <subfield code="a">spa</subfield>
  </datafield>
  <datafield tag="050" ind1="0" ind2="0">
    <subfield code="a">F1391.Q4 </subfield>
    <subfield code="b">V39 2009</subfield>
  </datafield>
  <datafield tag="100" ind1="1" ind2=" ">
    <subfield code="a">V&#xE1;zquez-Mellado Zolezzi, Jorge,</subfield>
    <subfield code="e">autor</subfield>
    <subfield code="9">31811</subfield>
  </datafield>
  <datafield tag="245" ind1="1" ind2="0">
    <subfield code="a">El nuevo Santiago de Quer&#xE9;taro :</subfield>
    <subfield code="b">problemas y soluciones de la metr&#xF3;polis /</subfield>
    <subfield code="c">Jorge V&#xE1;zquez-Mellado Zolezzi</subfield>
  </datafield>
  <datafield tag="264" ind1=" " ind2="1">
    <subfield code="a">Quer&#xE9;taro, M&#xE9;xico :</subfield>
    <subfield code="b">Grupo Qropolis,</subfield>
    <subfield code="c">2009</subfield>
  </datafield>
  <datafield tag="300" ind1=" " ind2=" ">
    <subfield code="a">295 p&#xE1;ginas :</subfield>
    <subfield code="b">ilustraciones</subfield>
  </datafield>
  <datafield tag="336" ind1=" " ind2=" ">
    <subfield code="a">texto</subfield>
    <subfield code="2">rdacontent</subfield>
  </datafield>
  <datafield tag="337" ind1=" " ind2=" ">
    <subfield code="a">sin medio</subfield>
    <subfield code="2">rdamedia</subfield>
  </datafield>
  <datafield tag="338" ind1=" " ind2=" ">
    <subfield code="a">volumen</subfield>
    <subfield code="2">rdacarrier</subfield>
  </datafield>
  <datafield tag="650" ind1=" " ind2="4">
    <subfield code="a">Urbanismo$x M&#xE9;xico</subfield>
    <subfield code="x">Quer&#xE9;taro</subfield>
    <subfield code="9">31812</subfield>
  </datafield>
  <datafield tag="650" ind1=" " ind2="4">
    <subfield code="a">Planeaci&#xF3;n urbana</subfield>
    <subfield code="x">Quer&#xE9;taro</subfield>
    <subfield code="9">31813</subfield>
  </datafield>
  <datafield tag="650" ind1=" " ind2="4">
    <subfield code="a">Desarrollo urbano</subfield>
    <subfield code="x">Quer&#xE9;taro</subfield>
    <subfield code="9">31814</subfield>
  </datafield>
  <datafield tag="650" ind1=" " ind2="4">
    <subfield code="a">Transporte urbano</subfield>
    <subfield code="x">Quer&#xE9;taro</subfield>
    <subfield code="9">31815</subfield>
  </datafield>
  <datafield tag="650" ind1=" " ind2="4">
    <subfield code="a">Ciudades y pueblos</subfield>
    <subfield code="x">Crecimiento</subfield>
    <subfield code="9">31816</subfield>
  </datafield>
  <datafield tag="650" ind1=" " ind2="4">
    <subfield code="a">Ordenamiento territorial</subfield>
    <subfield code="x">M&#xE9;xico</subfield>
    <subfield code="9">31817</subfield>
  </datafield>
  <datafield tag="651" ind1=" " ind2=" ">
    <subfield code="a">Quer&#xE9;taro (M&#xE9;xico)</subfield>
    <subfield code="x">Condiciones urbanas</subfield>
    <subfield code="9">31818</subfield>
  </datafield>
  <datafield tag="700" ind1="1" ind2=" ">
    <subfield code="a">Ram&#xED;rez Fellowes, Alexis Hugh,</subfield>
    <subfield code="e">colaborador</subfield>
    <subfield code="9">31819</subfield>
  </datafield>
  <datafield tag="700" ind1="1" ind2=" ">
    <subfield code="a">Bulos Garc&#xED;a, Francisco,</subfield>
    <subfield code="e">colaborador</subfield>
    <subfield code="9">31820</subfield>
  </datafield>
  <datafield tag="700" ind1="1" ind2=" ">
    <subfield code="a">Ram&#xED;rez Fellowes, Justin Isauro,</subfield>
    <subfield code="e">colaborador</subfield>
    <subfield code="9">31821</subfield>
  </datafield>
  <datafield tag="942" ind1=" " ind2=" ">
    <subfield code="2">lcc</subfield>
    <subfield code="c">BK</subfield>
    <subfield code="n">1</subfield>
  </datafield>
  <datafield tag="999" ind1=" " ind2=" ">
    <subfield code="c">13044</subfield>
    <subfield code="d">13044</subfield>
  </datafield>
</record>
